000 00755nam a2200277 i 4500
001 C2-0030530
003 PPAK
005 20190630222030.0
008 970205s1989 my |||| ||||| | may d
020 _a9836210733
040 _aPPAK
_beng
_cPPAK
_erda
082 0 4 _a382
_223
090 0 0 _a382
_bCAV
_dG
090 0 0 _a382
_bCAV
_dKIH
090 0 0 _a382
_bCAV
_dKSA
100 1 _aCaves, Richard E.,
_eauthor
245 1 0 _aPengenalan kepada perdagangan dan pembayaran dunia
264 1 _aKuala Lumpur :
_bDewan Bahasa dan Pustaka ,
_c1989
300 _axv, 651 pages ;
_c24 cm
336 _2rdacontent
_atext
337 _2rdamedia
_aunmediated
338 _2rdacarrier
_avolume
650 1 0 _aInternational trade
700 _eauthor
942 _ddc
_cB
999 _c5746
_d5746